| 000 | 00334nam a22001217a 4500 | ||
|---|---|---|---|
| 008 | 160523b xxu||||| |||| 00| 0 eng d | ||
| 020 | _a9780721688282 | ||
| 020 | _a0721688284 | ||
| 041 | _aeng | ||
| 080 | _a615 | ||
| 245 |
_aPharmacology principles applications: _cEugenia M. Fulcher;Cathy D. Soto;Robert M. Fulcher; |
||
| 942 |
_2udc _cBK |
||
| 999 |
_c2394 _d2394 |
||